00554nam a2200169Ia 4500008004100000020001800041041000800059082001500067100003300082245001500115250000600130260006100136300003000197650001400227999001900241952012400260210716s2008 xx 000 0 und d a9780070667112 aeng a658.8 GRED aGrewal, Dhruv;Levy, Michael. aMarketing. a1 aNew DelhibTata McGraw Hill Publishing Company Ltdc2008 axxxi,536,gl-14,in-26,cr-3 aMarketing c202123d202123 001040708MBAaAIMITbAIMITd2008-02-08g325.00l0o658.8 GREDpMBA04689r2026-05-23 00:00:00v243.75w2021-07-16yBK